| 000 | 00473nam a22001457a 4500 | ||
|---|---|---|---|
| 020 | _a0-590-25161-9 | ||
| 082 |
_a823 _bMAR/K |
||
| 100 | _aANN.M.MARTIN | ||
| 245 |
_aTHE BABYSITTERS CLUB _bKRISTY'S BIG DAY |
||
| 260 |
_aUSA _bSCHOLASTIC INC _c1987 |
||
| 300 | _a153 | ||
| 520 | _aKRISTY'S MOM IS GETTING MARRIED AND KRISTY'S A BRIDESMAID. THE CRAZY WAY TO HAVE A WEDDING. BUT ITS A GREAT WAY TO HAVE A LOT OF FUN! | ||
| 650 | _aTHE BEST FRIENDS YOU'LL EVER HAVE | ||
| 942 | _cBK | ||
| 999 |
_c467 _d467 |
||